Vannes - Choix multiples - Statistiques

Statistiques générales
  • Ce quiz a été pris 164 fois
  • Le résultat moyen est 6 sur 10
Statistiques - réponses
Question Réponse % Correct
Quelle étendue d'eau borde Vannes ? Golfe du Morbihan
98%
Laquelle de ces photos ne vient pas de Vannes ?
84%
Qu'est ce que la Semaine du Golfe ? Un rassemblement de bateaux
84%
Quel est le blason de Vannes ?
76%
Lequel de ces films n'a pas été réalisé par Alain Resnais, réalisateur né à Vannes ? La ligne verte
63%
De quel peuple provient le nom de Vannes ? Les Vénètes
53%
Lequel de ces festivals n'existe pas à Vannes ? Festival marin de Vannes
41%
Qui a fait construire le Château de l'Hermine entre 1380 et 1385 ?
Jean IV de Bretagne
39%
Quel était le nom latin de Vannes ? Darioritum
24%
Quelle institution n'a jamais été à Vannes dans l'histoire ? Conseil régional de Bretagne
22%
Aucun quiz correspondant
Distribution des résultats
% des personnes avec chaque résultat
Percentile par nombre de réponses
Votre historique - résultats
Vous n’avez pas pris ce quiz